Quizzes
Events
Quiz Creation
Community
Videos
Private Events
Remove Ads
Sign In
Join for FREE
Feedback
Dark Mode
Quiz Categories
Sports
Geography
Music
Movies
Television
Just For Fun
Miscellaneous
History
Literature
Language
Science
Gaming
Entertainment
Religion
Holiday
For Kids
Quiz Lab
Recent
Popular Today
Quiz Kudos Today
Editor Picks
Curator Picks
Quizzes by...
Day
Popularity
Type
Ratings
Length
Year
Community
Subscriptions
Recent Discussions
Orange Saloon
Badges
Playlists
Quests
Create
Leaderboards
Showdown
Live 5
Trivia Bingo
Activity
Puzzle Library
Sporcle Events
Private Events
Virtual Trivia
Globe League
Become a Host
Pub Owners
SporcleCon
Opinionation
Our Games
Videos
Blog
Mobile Apps
Partnerships
Remove Ads and Go Orange
Feedback
Music
Pop Music
The Beatles
Song
Album
Lyrics
Bands
Singers
Artist
Clip
Rock
Rap
Classical
Billboard
Country Music
Kpop
Taylor Swift
Music
Pop Music
The Beatles
Song
Album
Lyrics
Bands
Singers
Artist
Clip
Rock
Rap
Classical
Billboard
Country Music
Kpop
Taylor Swift
Random Quiz
Search Sporcle
×
Quiz Lab
Quiz Lab
Music
Artist
Type in answers that appear in a list
Type in answers that appear in a list
Classic
Best Score? Go Orange.
Name The Song From The Lyrics #5 Stats
Can you name the Name The Song From The Lyrics #4?
By
kateriroseee
4m
20 Questions
66 Plays
66 Plays
66 Plays
Comments
Comments
Give Quiz Kudos
Give Quiz Kudos
-
- Ratings
hide this ad
Random Order
Randomize order of answers
Randomize order of answers
Replay
Link that replays current quiz
Next Quiz
Link to next quiz in quiz playlist
You Got
0%
They Got
Avg Score
26%
Avg Friend Score
Upgrade to see
Score Distribution
Jump to the score distribution portion of the page
Score
0/20
Timer
04:00
0
Plays Today
Lyrics
Song
% Correct
Is This the real life? Is this just fantasy?
Bohemian Rhapsody
87.9%
Finished with my woman cause she couldn't help me with my mind
Paranoid
53%
When I was younger, so much younger than today
Help
51.5%
I've seen a million faces, and I've rocked them all
Wanted Dead or Alive
43.9%
Am I more than you've bargained for yet?
Sugar, We're Going Down
42.4%
As I'm pacing the pews in a church corridor
I Write Sins Not Tragedies
28.8%
They say, he's sick, he's obscene
No More Mr Nice Guy
22.7%
Your riding high in April, shot down in May
That's Life
22.7%
And there's no stopping us right now
Feel So Close
22.7%
She likes the boys in the band, she knows when they come to town
Dirty Diana
21.2%
Lyrics
Song
% Correct
Baby, I'm so into you, you got that something what can i do?
(You Drive Me) Crazy
21.2%
Whatever you want, whatever you need, anything you want done baby I'll do it naturally
I'm Every Woman
19.7%
You got a smile so bright, you know you could have been a candle
The Way You Do The Things You Do
18.2%
Well let's get to the point, let's roll another joint
You Don't Know How It Feels
16.7%
Girl, you make my speakers go boom boom
Drunk On You
15.2%
Hoping I would find true love, along the broken road
Bless The Broken Road
13.6%
I waited in the rain for hours, you were late
Misunderstanding
13.6%
Since I was born, they couldn't hold me down
Youth Gone Wild
10.6%
Making love at seventeen, yeah we had the luck
Legendary Child
6.1%
I like a woman with a future and a past
Make Me Proud
6.1%
Quiz Playlist
Details
Report
Send in Message
Add To Playlist
Classic:
Type in answers that appear in a list
Random Order:
Randomize order of answers
Last Updated: Feb 16, 2017
Quiz Scoreboard
CHALLENGE
Sign Up to Join the Scoreboard
Show All
Scores
Hide
Comments
May contain spoilers
Recently Published
An Introduction to Baseball
by treessimontrees
Sports
5m
Movies - When Are They Set?
by FPL_Elf
Movies
5m
Popular People in 1961
by mucciniale
History
6m
More to Explore
Quiz From the Vault
Featured Blog Post
Where Did the Easter Bunny Come From?
hide this ad
You Might Also Like...
Tags
Artist Quiz
Song Quiz
Today's Top Quizzes in Music
Browse Music
hide this ad
Today's Top Quizzes in Artist
Browse Artist
Top Contributed Quizzes in Music
1
Taylor Swift All Songs (2024)
2
Guess the Artist- 70s Songs
3
One Thing in Common: Music
4
KPOP LOGIC QUIZ
5
2010s Album by Cover III
6
Taylor Swift Logic Puzzle
7
Guess the Taylor Swift song (Mystery Song)
8
7-to-1: Billboard Hot 100 #1 Hits of 2010s
9
2010s Album by Cover IV
10
2010s Album by Cover V
Explore More
Trending Topics
Anime
Disney
Harry Potter
Marvel
Crossword
NBA
Kpop
Country
NFL
WWE
Soccer
Pokémon
The Office
Song
Puzzle
hide this ad
More By:
kateriroseee
Quiz
Plays
Rating
Category
Featured
Created
Finish The Line: The Golden Girls Edition
327
3.33
Television
Nov 26, 2012
Name The Song From The Lyrics #5
66
5.00
Music
Jun 25, 2012
Name The Song From The Lyrics #4
34
4.00
Music
Jun 8, 2012
Name The Song From The Lyrics
31
1.25
Music
Jun 2, 2012
Name The Aerosmith Members
31
3.50
Music
Jun 2, 2012
Go to Creator's Profile
Score Distribution
Quiz Creator Spotlight
kateriroseee
Follow
Send a Message
Quizzes Created
-
Created Quiz Play Count
-
More By This Creator
Popular Quizzes Today
1
Find the Countries of Europe - No Outlines Minefield
2
Find the US States - No Outlines Minefield
3
The Countries of the World
4
Popular People in 1961
5
Find the US States
6
US States
7
1-10 Letter E Words III
8
Risky Map Clicking: Biggest States A-Z
More Music Quizzes
80s UK #1s Most Weeks
Curator's Pick
Trending Quizzes
Risky Map Clicking: Least Populous States A-Z
1-10 Letter F Words
1-10 Letter G Words
Not Quite an Element Typing Challenge
One Thing in Common: United Kingdom
Recently Updated
Leaping Animals
pecheneg
Reality TV Shows (A-Z)
bhenderson79
Rickey Henderson's Hall of Fame Teammates
pecheneg
Champions League XIs: Arsenal
pecheneg
Quick Pick: Celebrities in WWE's Hall of Fame
aduchscher
A-Z Keypad Blitz II
pecheneg
Multiple Oscar Actors
pecheneg
Mystery Phrase Blitz: Oscar 'Best Actors'
pecheneg
F. Scott Fitzgerald Novels
LTH
Pick 3 Villains
ddd62291
Trending Topics
Harry Potter
Disney
Crossword
NBA
Kpop
Marvel
Anime
Song
Puzzle
The Office
Soccer
Country
Pokémon
NFL
WWE
Your Account Isn't Verified!
In order to create a playlist on Sporcle, you need to verify the email address you used during registration. Go to your
Sporcle Settings
to finish the process.
Report this User
Report this user for behavior that violates our
Community Guidelines
.
Details:
Send Report
Go to the Sporcle.com Mobile Site →
Comments